Etats des Etats Unis se terminant par la lettre A - Statistiques

Statistiques générales
  • Ce quiz a été pris 1 106 fois
  • Le résultat moyen est 6 sur 10
Statistiques - réponses
Etats % Correct
Alabama
87%
Arizona
75%
Alaska
73%
Nevada
68%
Iowa
66%
Montana
62%
Nebraska
59%
Indiana
47%
Oklahoma
47%
Minnesota
45%
Aucun quiz correspondant
Distribution des résultats
% des personnes avec chaque résultat
Percentile par nombre de réponses
Votre historique - résultats
Vous n’avez pas pris ce quiz